Statistics for Horror Movies by Emojis (Part 1)

Click here to take the quiz!

General Stats

  • This quiz has been taken 246 times
    (219 since last reset)
  • The average score is 9 of 20

Answer Stats

Answer% Correct
Scream
98%
It
90%
Candyman
71%
Psycho
68%
The Exorcist
68%
The Ring
67%
A Nightmare on Elm Street
60%
Snakes on a Plane
49%
Poltergeist
48%
The Conjuring
42%
Midsommar
37%
The Shining
37%
A Quiet Place
30%
Get Out
30%
The Sixth Sense
29%
The Silence of the Lambs
27%
REC
22%
Cloverfield
20%
Signs
20%
The Witch
17%

Score Distribution

Percentile by Number Answered

Percent of People with Each Score

Your Score History

You have not taken this quiz since the last reset